Statistics for UFC FIGHTER BY PICTURE #2

Click here to take the quiz!

General Stats

  • This quiz has been taken 838 times
  • The average score is 10 of 16

Answer Stats

Answer% Correct
Jon Jones
99%
Khamzat Chimaev
93%
Leon Edwards
91%
Brandon Moreno
83%
Paulo Costa
80%
Belal Muhammad
73%
Alistair Overeem
71%
TJ Dillashaw
70%
Chad Mendes
45%
Mark Hunt
44%
Paul Felder
42%
Dan Henderson
39%
Randy Couture
37%
Kai Kara-France
36%
Mauricio Rua
32%
Renan Barao
25%

Score Distribution

Percentile by Number Answered

Percent of People with Each Score

Your Score History

You have not taken this quiz